000 00323nam a2200133Ia 4500
008 190216s9999||||xx |||||||||||||| ||und||
100 _aEric John Holmyard
245 3 _aAn Introduction To Organic Chemistry
250 _a1st Ed.
260 _bEdward Arnold Ltd
_c1960
300 _a280
650 _aChemistry
942 _cBK
999 _c1968
_d1968